[Event "Cap d'Agde-A"]
[Site "Cap d'Agde"]
[Date "1998.10.25"]
[Round "2"]
[White "Karpov, Anatoly"]
[Black "Rogers, Ian"]
[Result "1-0"]
[WhiteElo "2725"]
[BlackElo "2605"]
[PlyCount "71"]
[EventDate "1998.10.??"]
[Source "www.chesslib.no"]
[SourceDate "2004.05.04"]

1. d4 Nf6 2. c4 e6 3. Nf3 c5 4. d5 b5 5. dxe6 fxe6 6. cxb5 Bb7 7. e3 Be7 8. Nbd2 O-O 9. Qc2 a6 10. b3 axb5 11. Bxb5 Na6 12. O-O Nb4 13. Qb1 Ra5 14. Be2 Qa8 15. a3 Ne4 16. Bb2 Nxd2 17. Nxd2 Bxg2 18. axb4 Bxf1 19. Nxf1 Rxa1 20. Bxa1 cxb4 21. Ng3 Bf6 22. Bxf6 Rxf6 23. Qd3 d5 24. Qd4 Qf8 25. f4 Qc8 26. Qxb4 Qc1+ 27. Kf2 Rh6 28. Nf1 Qc7 29. Qd4 Qe7 30. Bf3 g5 31. f5 Rf6 32. Ng3 h5 33. Bxh5 Rh6 34. Kg2 Qd6 35. Qg4 Qe7 36. h4 1-0

[Event "Walldorf m rap"]
[Site "Walldorf"]
[Date "1997.??.??"]
[Round "?"]
[White "Karpov, An"]
[Black "Lobron, Eric"]
[Result "1-0"]
[WhiteElo "2745"]
[BlackElo "2540"]
[PlyCount "47"]
[EventDate "1997.??.??"]
[Source "www.chesslib.no"]
[SourceDate "2004.05.04"]

1. d4 Nf6 2. c4 e6 3. Nf3 c5 4. d5 b5 5. dxe6 fxe6 6. cxb5 d5 7. e3 Bd6 8. Be2 O-O 9. O-O Nbd7 10. Nbd2 Bb7 11. b3 Qe8 12. Bb2 e5 13. e4 dxe4 14. Nh4 Bc7 15. Rc1 Rd8 16. b4 Nd5 17. bxc5 Nxc5 18. Rxc5 Bb6 19. Nxe4 Nf4 20. Bc4+ Kh8 21. Qg4 h5 22. Qg5 Bxc5 23. Bxe5 Rd7 24. Qh6# 1-0

[Event "Mario Covas 4th"]
[Site "Santos"]
[Date "2004.08.05"]
[Round "6"]
[White "Milos, Gilberto"]
[Black "Rodriguez, Andres"]
[Result "1-0"]
[WhiteElo "2601"]
[BlackElo "2567"]
[PlyCount "117"]
[EventDate "2004.07.31"]
[SourceDate "2004.08.11"]

1. d4 Nf6 2. c4 e6 3. Nf3 c5 4. d5 b5 5. Bg5 h6 6. Bxf6 Qxf6 7. Nc3 b4 8. Nb5 Kd8 9. e4 g5 10. Bd3 g4 11. Nd2 Qxb2 12. Rb1 Qg7 13. O-O h5 14. e5 Qxe5 15. dxe6 fxe6 16. Be4 d5 17. Re1 Qg5 18. Nb3 Nd7 19. cxd5 exd5 20. Bxd5 Rb8 21. Bc6 Rh6 22. Qe2 Be7 23. Na5 Rb6 24. Nxa7 Ba6 25. Qe4 Rd6 26. Ba4 Nb8 27. Rbd1 Rxd1 28. Rxd1+ Kc7 29. N7c6 Nxc6 30. Nxc6 Bf6 31. Qe8 Qg7 32. Ne7 Qxe7 33. Rd7+ Qxd7 34. Qxd7+ Kb8 35. Bc6 Be7 36. Qe8+ Kc7 37. Bd5 Bd6 38. Qf7+ Kb8 39. Qxh5 Bc8 40. g3 Bc7 41. Be4 Re6 42. Qxg4 c4 43. Bf5 Re1+ 44. Kg2 Bb7+ 45. Kh3 Bd5 46. Qd4 Re5 47. g4 Kb7 48. f4 Rxf5 49. gxf5 Kc6 50. f6 Bd6 51. Qa7 Bc7 52. Qa4+ Kc5 53. Qd7 Bxf4 54. f7 Bh6 55. Qa7+ Kb5 56. Qd7+ Kc5 57. Qe7+ Kb5 58. Qf6 Bf8 59. Qf5 1-0

[Event "8th WUCC"]
[Site "Instanbul"]
[Date "2004.09.11"]
[Round "9"]
[White "Jobava, Baadur"]
[Black "Ghaem Maghami, Ehsan"]
[Result "1/2-1/2"]
[WhiteElo "2615"]
[BlackElo "2552"]
[PlyCount "46"]
[EventDate "2004.09.05"]
[Source "Roberto Alvarez"]
[SourceDate "2004.09.21"]

1. d4 Nf6 2. c4 e6 3. Nf3 c5 4. d5 b5 5. Bg5 exd5 6. cxd5 d6 7. e4 a6 8. a4 Be7 9. Bxf6 Bxf6 10. axb5 Bxb2 11. Ra2 Bf6 12. bxa6 Qb6 13. Nbd2 Bxa6 14. Qa4+ Ke7 15. Be2 Bb7 16. Qc4 Rxa2 17. Qxa2 Nd7 18. O-O Ra8 19. Qc2 Qb2 20. Qxb2 Bxb2 21. Nc4 Ba6 22. Rb1 Bxc4 23. Bxc4 Ra1 1/2-1/2

[Event "otb"]
[Site "otb"]
[Date "2007.03.25"]
[Round "11"]
[White "Khenkin Igor"]
[Black "Winants Luc"]
[Result "1-0"]
[WhiteElo "2611"]
[BlackElo "2516"]
[PlyCount "67"]
[Source "www.chesslib.no"]
[SourceDate "2004.05.04"]

1. d4 Nf6 2. c4 e6 3. Nf3 c5 4. d5 b5 5. dxe6 fxe6 6. cxb5 d5 7. Nc3 c4 8. g3 a6 9. bxa6 Bc5 10. Bg2 O-O 11. O-O Rxa6 12. Bg5 Nc6 13. e4 d4 14. Na4 Be7 15. Rc1 e5 16. Rxc4 Be6 17. Rc1 Bxa2 18. Bxf6 Rxf6 19. Nc5 Bxc5 20. Rxc5 Qd6 21. Qc1 Rf8 22. Rd1 Bb3 23. Rd3 Rfa8 24. Bf1 Ra1 25. Rxc6 Rxc1 26. Rxd6 Bc4 27. Nxe5 Bxd3 28. Nxd3 Rd1 29. Kg2 Raa1 30. Ne5 g5 31. Bc4+ Kf8 32. Rd8+ Ke7 33. Rd7+ Kf6 34. Ng4+ 1-0

[Event "open"]
[Site "Balatonlelle"]
[Date "2004.07.25"]
[Round "7"]
[White "Gyimesi, Zoltan"]
[Black "Horvath, Peter"]
[Result "0-1"]
[WhiteElo "2618"]
[BlackElo "2503"]
[PlyCount "80"]
[EventDate "2004.07.19"]
[Source "Roberto Alvarez"]
[SourceDate "2004.08.17"]

1. d4 Nf6 2. c4 e6 3. Nf3 c5 4. d5 b5 5. dxe6 fxe6 6. cxb5 a6 7. bxa6 Bxa6 8. g3 Be7 9. Bh3 Nc6 10. O-O O-O 11. Nc3 Qe8 12. Bf4 Qh5 13. Bg2 d5 14. a4 e5 15. g4 Qxg4 16. Bxe5 Rad8 17. Bc7 Rd7 18. Ne5 Nxe5 19. Bxe5 d4 20. Nb5 Bb7 21. Bg3 Bxg2 22. Kxg2 Nh5 23. e3 Qe4+ 24. Kg1 Nxg3 25. hxg3 Rf6 26. exd4 Rh6 27. f3 Qf5 28. Qd2 Rg6 29. Kg2 Bh4 30. g4 h5 31. Ra3 hxg4 32. f4 cxd4 33. Qd3 Qd5+ 34. Kg1 Re6 35. Qb3 Re2 36. Qxd5+ Rxd5 37. Rd3 Rxb2 38. Nxd4 Ra2 39. Rdd1 Bd8 40. Rf2 Rxa4 0-1

[Event "It \"]
[Site "Salekhard (Russia)"]
[Date "2007.12.06"]
[Round "2"]
[White "Yakovich Yuri (RUS)"]
[Black "Sherbakov Ruslan (RUS)"]
[Result "1/2-1/2"]
[WhiteElo "2597"]
[BlackElo "2520"]
[PlyCount "27"]
[EventDate "2007.??.??"]
[Source "www.chesslib.no"]
[SourceDate "2004.05.04"]

1. d4 Nf6 2. c4 e6 3. Nf3 c5 4. d5 b5 5. dxe6 fxe6 6. cxb5 d5 7. g3 a6 8. bxa6 Bd6 9. Bg2 O-O 10. O-O Nc6 11. Nc3 Bxa6 12. Bg5 Kh8 13. Qd2 Qe8 14. Rac1 1/2-1/2

[Event "GER-ARM"]
[Site "Baden-Baden"]
[Date "1996.??.??"]
[Round "4"]
[White "Anastasian, Ashot"]
[Black "Hertneck, Gerald"]
[Result "1-0"]
[WhiteElo "2550"]
[BlackElo "2565"]
[PlyCount "81"]
[EventDate "1996.07.31"]
[Source "ChessBase"]

1. d4 Nf6 2. c4 e6 3. Nf3 c5 4. d5 b5 5. dxe6 fxe6 6. cxb5 d5 7. g3 Be7 8. Bg2 a6 9. bxa6 O-O 10. O-O Nc6 11. Nc3 Rxa6 12. Bg5 h6 13. Bxf6 Bxf6 14. Rc1 Qe7 15. a3 Bd7 16. e4 dxe4 17. Nd2 Rb8 18. Ndxe4 Bd4 19. Na4 Rxa4 20. Qxa4 Nd8 21. Qa7 Rb7 22. Qa8 Bc6 23. Nxc5 Bxg2 24. Kxg2 Bxc5 25. Rxc5 Qxc5 26. Qxd8+ Kf7 27. b4 Qc6+ 28. Kg1 Rd7 29. Qh4 Rd3 30. Qf4+ Kg8 31. Rc1 Qd5 32. a4 Rd4 33. Qb8+ Kh7 34. a5 e5 35. Qf8 Qd7 36. a6 e4 37. a7 Qxa7 38. Qf5+ g6 39. Qb5 Rd7 40. Rc8 Rg7 41. Qe8 1-0

[Event "Chicago USA"]
[Site "?"]
[Date "2006.05.27"]
[Round "4"]
[White "Miton Kamil"]
[Black "Friedel Joshua E"]
[Result "1-0"]
[WhiteElo "2646"]
[BlackElo "2465"]
[PlyCount "49"]
[EventDate "2006.??.??"]
[Source "www.chesslib.no"]
[SourceDate "2004.05.04"]

1. d4 Nf6 2. c4 e6 3. Nf3 c5 4. d5 b5 5. dxe6 fxe6 6. cxb5 d5 7. g3 Bd6 8. Bg2 O-O 9. O-O Qe7 10. Nc3 Bb7 11. e4 d4 12. e5 Bxe5 13. Nxe5 Bxg2 14. Kxg2 dxc3 15. bxc3 Qb7+ 16. Kg1 Qxb5 17. Bg5 c4 18. Bxf6 gxf6 19. Qg4+ Kh8 20. Nxc4 Qf5 21. Qxf5 exf5 22. Rfe1 Nc6 23. Re6 Nd8 24. Ra6 f4 25. Nb6 1-0

[Event "Mind Sports Games - Blitz Pair"]
[Site "Pechino CINA"]
[Date "2008.10.08"]
[Round "6"]
[White "Banikas, H."]
[Black "Leon Hoyos, M."]
[Result "1-0"]
[WhiteElo "2572"]
[BlackElo "2535"]
[PlyCount "125"]
[EventDate "2008.10.08"]
[Source "www.chesslib.no"]
[SourceDate "2004.05.04"]

1. d4 Nf6 2. c4 e6 3. Nf3 c5 4. d5 b5 5. dxe6 fxe6 6. cxb5 d5 7. g3 Bb7 8. Bh3 Qb6 9. a4 Nbd7 10. a5 Qxb5 11. Bxe6 Qc6 12. Bh3 Bd6 13. O-O O-O 14. b4 Rae8 15. bxc5 Bxc5 16. Ba3 d4 17. Bg2 Kh8 18. Nbd2 Bxa3 19. Rxa3 Ng4 20. Nb3 Qh6 21. h3 d3 22. Qxd3 Bxf3 23. exf3 Nde5 24. Qd2 Rxf3 25. Qxh6 Nxh6 26. Bxf3 Nxf3+ 27. Kg2 Ng5 28. Nc5 Rc8 29. Rc1 Nf5 30. Rac3 Re8 31. Nd3 Nd6 32. Rc6 Ngf7 33. Rc7 a6 34. R7c6 h5 35. Rxa6 Re2 36. Nf4 Ra2 37. Nxh5 Ne4 38. Rf1 Ne5 39. Re6 Rxa5 40. Re1 Nd3 41. R6xe4 Nxe1+ 42. Rxe1 Rxh5 43. g4 Ra5 44. Kg3 Kh7 45. h4 Ra3+ 46. f3 Rb3 47. h5 Ra3 48. Re5 Rb3 49. Re7 Ra3 50. Kf4 Kg8 51. g5 Ra4+ 52. Kf5 Ra5+ 53. Kg4 Kf8 54. Rb7 Ra1 55. f4 Rh1 56. Rb6 Kf7 57. h6 gxh6 58. Rxh6 Rxh6 59. gxh6 Kg6 60. h7 Kxh7 61. Kf5 Kg7 62. Ke6 Kg8 63. Ke7 1-0

[Event "Reggio Emilia ITA"]
[Site "Reggio Emilia ITA"]
[Date "1984.??.??"]
[Round "?"]
[White "Portisch, Lajos"]
[Black "Rogers, Ian"]
[Result "0-1"]
[WhiteElo "2625"]
[BlackElo "2475"]
[PlyCount "41"]
[EventDate "1984.??.??"]
[Source "www.chesslib.no"]
[SourceDate "2004.05.04"]

1. d4 Nf6 2. c4 e6 3. Nf3 c5 4. d5 b5 5. Bg5 h6 6. Bxf6 Qxf6 7. Nc3 b4 8. Nb5 Kd8 9. e4 g5 10. Bd3 Bb7 11. e5 Qg7 12. Qa4 a5 13. O-O Qf6 14. Rfb1 Qg6 15. Qxa5+ Rxa5 16. h4 Bd6 17. Re1 Qg7 18. b3 Na6 19. Kh1 Qxe5 20. Rxe5 Bf8 21. Rd1 0-1

[Event "Reggio Emilia ITA"]
[Site "Reggio Emilia ITA"]
[Date "1984.??.??"]
[Round "11"]
[White "Portisch, Lajos"]
[Black "Rogers, Ian"]
[Result "0-1"]
[WhiteElo "2625"]
[BlackElo "2475"]
[PlyCount "33"]
[EventDate "1984.??.??"]
[Source "www.chesslib.no"]
[SourceDate "2004.05.04"]

1. d4 Nf6 2. c4 e6 3. Nf3 c5 4. d5 b5 5. Bg5 h6 6. Bxf6 Qxf6 7. Nc3 b4 8. Nb5 Kd8 9. e4 g5 10. Bd3 Bb7 11. e5 Qg7 12. Qa4 a5 13. O-O Bd6 14. Nd2 Qf6 15. Qc2 Ra6 16. exf6 g4 17. a4 0-1

[Event "Nijmegen"]
[Site "Nijmegen NED"]
[Date "1982.??.??"]
[Round "?"]
[White "Ree, Hans"]
[Black "Huebner, Robert"]
[Result "1-0"]
[WhiteElo "2475"]
[BlackElo "2620"]
[PlyCount "157"]
[EventDate "1982.??.??"]
[Source "www.chesslib.no"]
[SourceDate "2004.05.04"]

1. d4 Nf6 2. c4 e6 3. Nf3 c5 4. d5 b5 5. Bg5 h6 6. Bxf6 Qxf6 7. Nc3 b4 8. Nb5 Na6 9. e4 Be7 10. Bd3 d6 11. e5 dxe5 12. d6 Bd8 13. Be4 Rb8 14. Bc6+ Kf8 15. O-O Bb7 16. Bxb7 Rxb7 17. Re1 Nb8 18. a3 a6 19. axb4 axb5 20. bxc5 bxc4 21. Nxe5 g6 22. c6 Rxb2 23. Ng4 Qc3 24. c7 Bxc7 25. dxc7 Kg7 26. Rc1 Qd3 27. cxb8=Q Rhxb8 28. Ne5 Qf5 29. Qd4 Qf6 30. h3 Ra2 31. Rc3 Rd8 32. Qb6 Rd5 33. Qe3 Rdd2 34. Ng4 Qg5 35. Qxg5 hxg5 36. Rf1 Rdc2 37. Rc1 Rxc3 38. Rxc3 f5 39. Ne3 e5 40. Nxc4 e4 41. g3 Kf6 42. Ne3 Ra6 43. Rc5 Rd6 44. Rb5 Ke6 45. Kg2 Rc6 46. h4 gxh4 47. gxh4 Ra6 48. Nd5 Kf7 49. Rb7+ Kf8 50. Rb6 Ra5 51. Nf4 Ra2 52. Rf6+ Kg7 53. Rxg6+ Kf7 54. Rg3 Rb2 55. Ra3 Kf6 56. Kg3 Rb1 57. Ra6+ Kf7 58. h5 Rg1+ 59. Kh2 Rg4 60. Ng6 Kg7 61. Kh3 Rg1 62. Kh4 Rg4+ 63. Kh3 Rg1 64. Nh4 Rh1+ 65. Kg3 f4+ 66. Kg4 e3 67. fxe3 fxe3 68. Nf5+ Kh7 69. Ra7+ Kh8 70. Nxe3 Rg1+ 71. Kh4 Rb1 72. Re7 Rb4+ 73. Ng4 Rb5 74. Re5 Rb8 75. Kg5 Rg8+ 76. Kf5 Rf8+ 77. Nf6 Ra8 78. Re8+ Kg7 79. Rxa8 1-0

[Event "It \"]
[Site "Basel (Switzerland)"]
[Date "2007.01.07"]
[Round "7"]
[White "Malakhatko Vadim (UKR)"]
[Black "Cebalo Miso (CRO)"]
[Result "1-0"]
[WhiteElo "2604"]
[BlackElo "2471"]
[PlyCount "65"]
[EventDate "2007.??.??"]
[Source "www.chesslib.no"]
[SourceDate "2004.05.04"]

1. d4 Nf6 2. c4 e6 3. Nf3 c5 4. d5 b5 5. dxe6 fxe6 6. cxb5 d5 7. g3 a6 8. bxa6 Bd6 9. Bg2 O-O 10. O-O Nc6 11. b3 Bxa6 12. Bb2 Qe8 13. Re1 Rd8 14. Nbd2 e5 15. e4 Nb4 16. exd5 Nd3 17. Qc2 Nxe1 18. Rxe1 Qh5 19. Bxe5 Ng4 20. Bxd6 Rxd6 21. h3 Nf6 22. Ne5 Nd7 23. Nxd7 Rxd7 24. Qxc5 Bb7 25. Nc4 Qf5 26. f4 Qc2 27. Qf2 Qxf2+ 28. Kxf2 g5 29. Bf3 gxf4 30. g4 Rf6 31. d6 Ba6 32. Bc6 Rd8 33. d7 1-0

[Event "Open A"]
[Site "Zadar CRO"]
[Date "2007.12.16"]
[Round "1"]
[White "Delchev, A."]
[Black "Saric, A."]
[Result "1-0"]
[WhiteElo "2613"]
[BlackElo "2441"]
[PlyCount "63"]
[EventDate "2007.12.16"]
[Source "www.chesslib.no"]
[SourceDate "2004.05.04"]

1. d4 Nf6 2. c4 e6 3. Nf3 c5 4. d5 b5 5. Bg5 exd5 6. cxd5 d6 7. e3 a6 8. a4 bxa4 9. Bxf6 Qxf6 10. Qxa4+ Nd7 11. Nc3 Rb8 12. Bxa6 Bxa6 13. Qxa6 Rxb2 14. O-O Rb6 15. Qc8+ Qd8 16. Qxd8+ Kxd8 17. Ng5 Ke7 18. Ra7 h6 19. Nxf7 Rh7 20. e4 Ke8 21. e5 dxe5 22. Nxe5 Nxe5 23. Re1 Bd6 24. f4 Bb8 25. Ra8 g5 26. fxe5 Ra7 27. Rxa7 Bxa7 28. Ra1 Rb7 29. Ne4 c4+ 30. Kf1 Bd4 31. Nd6+ Kd7 32. Rd1 1-0

[Event "Lazne Bohdanec"]
[Site "Lazne Bohdanec"]
[Date "1994.??.??"]
[Round "6"]
[White "Vokac, Marek"]
[Black "Rogers, Ian"]
[Result "0-1"]
[WhiteElo "2485"]
[BlackElo "2565"]
[PlyCount "72"]
[EventDate "1994.02.??"]
[Source "ChessBase"]

1. d4 Nf6 2. c4 e6 3. Nf3 c5 4. d5 b5 5. Bg5 h6 6. Bxf6 Qxf6 7. Nc3 b4 8. Nb5 Kd8 9. e4 g5 10. a3 g4 11. Nd2 Qxb2 12. axb4 cxb4 13. Be2 Bb7 14. c5 exd5 15. exd5 Bxc5 16. O-O Qe5 17. Nb3 Bb6 18. Bc4 a6 19. N5d4 a5 20. Qxg4 a4 21. Nf3 Qf6 22. Nbd2 h5 23. Qh3 Qf4 24. Rfe1 Qg4 25. Qxg4 hxg4 26. Ne5 Rf8 27. Ne4 Bd4 28. Rab1 Bxe5 29. Nc5 Bc3 30. Nxb7+ Kc7 31. Rec1 d6 32. Bb5 Kxb7 33. Rxc3 bxc3 34. Bc6+ Ka7 35. Bxa4 Na6 36. Ra1 Rab8 0-1

[Event "Interzonal"]
[Site "Tunis izt"]
[Date "1985.??.??"]
[Round "?"]
[White "Nikolic, Zivoslav"]
[Black "Miles, Anthony J"]
[Result "0-1"]
[WhiteElo "2470"]
[BlackElo "2570"]
[PlyCount "59"]
[EventDate "1985.??.??"]
[Source "www.chesslib.no"]
[SourceDate "2004.05.04"]

1. d4 Nf6 2. c4 e6 3. Nf3 c5 4. d5 b5 5. Bg5 h6 6. Bxf6 Qxf6 7. Qc2 b4 8. Nbd2 g5 9. e4 g4 10. Ng1 Bg7 11. Rb1 h5 12. Bd3 d6 13. Ne2 Nd7 14. f4 gxf3 15. Nxf3 Ne5 16. O-O Qh6 17. Nxe5 Bxe5 18. Kh1 Bd7 19. Ng1 h4 20. Nf3 Bg3 21. e5 dxe5 22. dxe6 Bxe6 23. Bf5 Bxf5 24. Qxf5 Qf4 25. Qh3 Ke7 26. Rbd1 Rad8 27. Rxd8 Rxd8 28. hxg3 hxg3 29. Qh7 Rd6 30. Qg6 0-1

[Event "It (open)"]
[Site "Oberwart (Austria)"]
[Date "2007.07.13"]
[Round "7"]
[White "Gofshtein Zvulon (ISR)"]
[Black "Saric Ante (CRO)"]
[Result "0-1"]
[WhiteElo "2541"]
[BlackElo "2499"]
[PlyCount "66"]
[EventDate "2007.??.??"]
[Source "www.chesslib.no"]
[SourceDate "2004.05.04"]

1. d4 Nf6 2. c4 e6 3. Nf3 c5 4. d5 b5 5. Bg5 exd5 6. cxd5 d6 7. e4 a6 8. Nfd2 Be7 9. Bf4 O-O 10. a4 bxa4 11. Nc3 Ne8 12. Nc4 f5 13. e5 g5 14. exd6 Bf6 15. Be3 Nxd6 16. Qxa4 f4 17. Bxc5 Bxc3+ 18. bxc3 Re8+ 19. Kd1 Nb5 20. Bd4 Nc6 21. Kd2 Ncxd4 22. cxd4 Be6 23. Re1 Qxd5 24. Bd3 Qxd4 25. Qa1 Qxf2+ 26. Re2 Qd4 27. Re5 h6 28. Rhe1 Rad8 29. Qxd4 Nxd4 30. h4 f3 31. Ke3 fxg2 32. hxg5 Bxc4 33. Bxc4+ Kh8 0-1

[Event "Russia (ch)"]
[Site "?"]
[Date "1995.??.??"]
[Round "?"]
[White "Lugovoi, A."]
[Black "Smagin, S."]
[Result "0-1"]
[WhiteElo "2490"]
[BlackElo "2545"]
[PlyCount "68"]
[EventDate "1995.??.??"]
[Source "ChessBase"]
[SourceDate "1995.10.01"]

1. d4 Nf6 2. c4 e6 3. Nf3 c5 4. d5 b5 5. Bg5 Qa5+ 6. Nc3 Ne4 7. Bd2 Nxd2 8. Qxd2 b4 9. Nd1 d6 10. dxe6 fxe6 11. g3 Nc6 12. Bg2 Rb8 13. O-O Be7 14. Qf4 Qc7 15. Ne3 Bf6 16. Rad1 Ne5 17. Rd2 O-O 18. Nxe5 Bxe5 19. Qe4 g6 20. h4 Rb6 21. Ng4 Bg7 22. Rfd1 Kh8 23. Bf3 Ra6 24. b3 Rb6 25. Kg2 Qe7 26. Rh1 Qf7 27. Qd3 Bd4 28. h5 gxh5 29. Ne3 Bb7 30. Nc2 Bc3 31. Rdd1 d5 32. cxd5 exd5 33. Rxh5 c4 34. Qe3 Qxh5 0-1

[Event "Reggio Emilia tt"]
[Site "Reggio Emilia ITA"]
[Date "1972.??.??"]
[Round "?"]
[White "Tatai, Stefano"]
[Black "Ljubojevic, Ljubomir"]
[Result "1-0"]
[WhiteElo "2460"]
[BlackElo "2550"]
[PlyCount "69"]
[EventDate "1972.??.??"]
[Source "www.chesslib.no"]
[SourceDate "2004.05.04"]

1. d4 Nf6 2. c4 e6 3. Nf3 c5 4. d5 b5 5. Bg5 exd5 6. cxd5 h6 7. Bxf6 Qxf6 8. Qc2 Na6 9. e4 Rb8 10. Nc3 c4 11. Be2 g5 12. O-O Bg7 13. a4 Nb4 14. Qd2 a6 15. Nd1 Nd3 16. Bxd3 cxd3 17. axb5 Rxb5 18. Ra4 Qb6 19. Qxd3 Rb4 20. Rxb4 Qxb4 21. Ne3 Qxb2 22. Rb1 Qa2 23. Nf5 O-O 24. h4 g4 25. Nd2 Qa5 26. Nxg7 Kxg7 27. Qd4+ f6 28. Rb6 Kh7 29. e5 f5 30. Qe3 Kg8 31. Rg6+ Kf7 32. Rf6+ Ke8 33. Qxh6 Rg8 34. Qh7 Qxd5 35. e6 1-0

[Event "Velammal 45th National A ch-IND"]
[Site "Chennai IND"]
[Date "2008.02.07"]
[Round "5"]
[White "Kunte, A."]
[Black "Bakre, T."]
[Result "1/2-1/2"]
[WhiteElo "2550"]
[BlackElo "2459"]
[PlyCount "87"]
[EventDate "2008.02.03"]
[Source "www.chesslib.no"]
[SourceDate "2004.05.04"]

1. d4 Nf6 2. c4 e6 3. Nf3 c5 4. d5 b5 5. dxe6 fxe6 6. cxb5 d5 7. g3 a6 8. bxa6 Bd6 9. Nc3 O-O 10. Bg2 Nc6 11. O-O Bxa6 12. Bg5 h6 13. Bxf6 Qxf6 14. Rc1 Be7 15. b3 c4 16. bxc4 Ba3 17. cxd5 Bxc1 18. dxc6 Bb2 19. Ne4 Qe7 20. Qc2 Ba3 21. Nd4 e5 22. Nb5 Kh8 23. Nxa3 Qxa3 24. Rd1 Bb5 25. Rc1 Rac8 26. Qc5 Qxc5 27. Nxc5 Bxc6 28. Bh3 Ra8 29. Nd3 Be4 30. Nxe5 Rxa2 31. Bf1 Rb8 32. f3 Bc2 33. Kf2 Rb1 34. Rxb1 Bxb1 35. h4 g6 36. Bg2 Kg7 37. f4 h5 38. g4 hxg4 39. Nxg4 Ra4 40. Kg3 Be4 41. Bxe4 Rxe4 42. Kf3 Ra4 43. e3 Ra1 44. Kg2 1/2-1/2

[Event "Bibinje CRO"]
[Site "?"]
[Date "2006.06.15"]
[Round "8"]
[White "Farago Ivan"]
[Black "Saric Ante"]
[Result "1/2-1/2"]
[WhiteElo "2534"]
[BlackElo "2474"]
[PlyCount "30"]
[EventDate "2006.??.??"]
[Source "www.chesslib.no"]
[SourceDate "2004.05.04"]

1. d4 Nf6 2. c4 e6 3. Nf3 c5 4. d5 b5 5. Bg5 exd5 6. cxd5 d6 7. e3 a6 8. a4 b4 9. Nbd2 Be7 10. Bxf6 Bxf6 11. Qc2 O-O 12. Bd3 g6 13. O-O a5 14. Nc4 Ba6 15. Nfd2 Nd7 1/2-1/2

[Event "Neuwied Open"]
[Site "Neuwied"]
[Date "1993.??.??"]
[Round "4"]
[White "Kishnev, Sergey"]
[Black "Conquest, Stuart"]
[Result "1/2-1/2"]
[WhiteElo "2510"]
[BlackElo "2495"]
[PlyCount "78"]
[EventDate "1993.??.??"]
[Source "www.chesslib.no"]
[SourceDate "2004.05.04"]

1. d4 Nf6 2. c4 e6 3. Nf3 c5 4. d5 b5 5. Bg5 b4 6. e4 d6 7. Bd3 e5 8. a3 Na6 9. Bc2 Be7 10. Ba4+ Nd7 11. Be3 O-O 12. Bc6 Rb8 13. axb4 Nxb4 14. Rxa7 f5 15. Nc3 Nf6 16. O-O Nxe4 17. Nxe4 fxe4 18. Nd2 Bf5 19. g4 Bg6 20. Rd7 Qe8 21. Rxd6 Nxc6 22. Rxc6 Rxb2 23. Qa1 Qb8 24. Rb1 Rxb1+ 25. Qxb1 Qa8 26. Kg2 Bh4 27. Rxg6 hxg6 28. Qxe4 Qa2 29. Nf3 Bxf2 30. Bxf2 Rf4 31. Qxe5 Qxc4 32. Qe6+ Kf8 33. Qd6+ Kg8 34. Qe6+ Kh8 35. h4 Kh7 36. Qe3 Rxg4+ 37. Bg3 Qc2+ 38. Qf2 Qd3 39. d6 c4 1/2-1/2

[Event "It (Men) Budapest HUN"]
[Site "?"]
[Date "2006.05.07"]
[Round "2"]
[White "Ilincic Zlatko"]
[Black "Gonda Laszlo"]
[Result "0-1"]
[WhiteElo "2536"]
[BlackElo "2465"]
[PlyCount "68"]
[EventDate "2006.??.??"]
[Source "www.chesslib.no"]
[SourceDate "2004.05.04"]

1. d4 Nf6 2. c4 e6 3. Nf3 c5 4. d5 b5 5. Bg5 exd5 6. cxd5 d6 7. Qb3 a6 8. a4 b4 9. e4 Be7 10. Nbd2 O-O 11. Bc4 Ra7 12. Bf4 Nh5 13. Be3 f5 14. exf5 Bxf5 15. h3 Bg6 16. Ne5 dxe5 17. d6+ Kh8 18. Bxc5 Bg5 19. Bxa7 Bxd2+ 20. Kxd2 Qxd6+ 21. Ke1 Nc6 22. Bb6 Nd4 23. Bxd4 Qxd4 24. f3 Ng3 25. Rf1 Nxf1 26. Kxf1 e4 27. Rd1 Qb6 28. Bd5 exf3 29. Bxf3 Be4 30. Re1 Bxf3 31. gxf3 h6 32. Re4 a5 33. Kg2 Qg6+ 34. Kf2 Qxe4 0-1

[Event "AUT-chT2W 9697"]
[Site "Austria"]
[Date "1996.??.??"]
[Round "5"]
[White "Hertneck, Gerald"]
[Black "Kostic, Vladimir"]
[Result "1-0"]
[WhiteElo "2575"]
[BlackElo "2420"]
[PlyCount "103"]
[EventDate "1996.??.??"]
[Source "www.chesslib.no"]
[SourceDate "2004.05.04"]

1. d4 Nf6 2. c4 e6 3. Nf3 c5 4. d5 b5 5. dxe6 fxe6 6. cxb5 d5 7. g3 Bd6 8. Bg2 O-O 9. O-O Qe7 10. Bg5 Bb7 11. e4 dxe4 12. Nfd2 Be5 13. Nc4 Bd4 14. Nbd2 Bd5 15. Qe2 Qf7 16. Bxf6 Qxf6 17. Nxe4 Qg6 18. Rad1 Nd7 19. b4 Nb6 20. Na5 Rac8 21. bxc5 Bxc5 22. Nxc5 Rxc5 23. Nc6 Qf6 24. Bxd5 Nxd5 25. Rc1 Rxc1 26. Rxc1 Nc3 27. Qb2 Nxb5 28. Qxf6 Rxf6 29. a4 Nd6 30. Nxa7 Ne4 31. Rc2 Rf3 32. Nb5 Rb3 33. Rc4 Nd2 34. Rc8+ Kf7 35. Rc7+ Kf6 36. Nd6 g5 37. Rxh7 g4 38. Kg2 Nf3 39. Rf7+ Kg6 40. Rf4 Kh5 41. h3 gxh3+ 42. Kxh3 e5 43. Rc4 Ra3 44. Ne4 Ra1 45. Rc6 Ng1+ 46. Kg2 Kg4 47. Rc3 Kf5 48. Re3 Rxa4 49. Kxg1 Rxe4 50. Rxe4 Kxe4 51. Kg2 Kf5 52. Kf3 1-0

[Event "Staunton CC Blumenfeld theme"]
[Site "Groningen"]
[Date "2003.09.05"]
[Round "1"]
[White "Ree, Hans"]
[Black "Nijboer, Friso"]
[Result "0-1"]
[WhiteElo "2402"]
[BlackElo "2588"]
[PlyCount "42"]
[EventDate "2003.09.??"]
[Source "Roberto Alvarez"]
[SourceDate "2003.11.17"]

1. d4 Nf6 2. c4 e6 3. Nf3 c5 4. d5 b5 5. Bg5 Qa5+ 6. Nbd2 bxc4 7. Bxf6 gxf6 8. e4 Rg8 9. g3 Rg4 10. Qc2 f5 11. Bg2 Rxe4+ 12. Kf1 exd5 13. Nxe4 dxe4 14. Rd1 Nc6 15. Nh4 Nd4 16. Qc3 Qa4 17. Rxd4 cxd4 18. Qxd4 Bg7 19. Qd6 c3 20. bxc3 Rb8 21. Nxf5 Qc4+ 0-1

[Event "FRA-ch"]
[Site "Meribel"]
[Date "1998.08.19"]
[Round "6"]
[White "Dorfman, Josif D"]
[Black "Chomet, Pascal"]
[Result "1-0"]
[WhiteElo "2585"]
[BlackElo "2405"]
[PlyCount "91"]
[EventDate "1998.08.14"]
[Source "ChessBase"]
[SourceDate "1998.11.30"]

1. d4 Nf6 2. c4 e6 3. Nf3 c5 4. d5 b5 5. dxe6 fxe6 6. cxb5 Bb7 7. Nbd2 d5 8. e4 dxe4 9. Ne5 Nbd7 10. Nc6 Bxc6 11. bxc6 Ne5 12. Qb3 Kf7 13. Nc4 Nxc6 14. Qb7+ Ne7 15. Ne5+ Kg8 16. Bc4 Nfd5 17. Bg5 Qb8 18. Qxb8 Rxb8 19. O-O-O h6 20. Bxe7 Bxe7 21. Ng6 Bg5+ 22. Kc2 Bf6 23. b3 Nc3 24. Rd7 Nxa2 25. Bxe6+ Kh7 26. Nxh8 Kxh8 27. Re1 Nb4+ 28. Kb1 a5 29. Ra7 Rd8 30. Bf5 g6 31. Bxe4 Rd2 32. Bc2 Rd8 33. Bxg6 c4 34. bxc4 Nc6 35. Rh7+ Kg8 36. Re8+ Rxe8 37. Bxe8 Kxh7 38. Bxc6 Kg6 39. Be4+ Kf7 40. c5 Ke7 41. f4 Bd4 42. c6 Be3 43. f5 Bf4 44. h3 h5 45. g4 hxg4 46. hxg4 1-0

[Event "Staunton CC Blumenfeld theme"]
[Site "Groningen"]
[Date "2003.09.06"]
[Round "2"]
[White "Werle, Jan"]
[Black "Nijboer, Friso"]
[Result "1/2-1/2"]
[WhiteElo "2397"]
[BlackElo "2588"]
[PlyCount "64"]
[EventDate "2003.09.??"]
[Source "Roberto Alvarez"]
[SourceDate "2003.11.17"]

1. d4 Nf6 2. c4 e6 3. Nf3 c5 4. d5 b5 5. Bg5 exd5 6. cxd5 h6 7. Bxf6 Qxf6 8. Qc2 Na6 9. e4 Rb8 10. Nc3 c4 11. Be2 Bd6 12. O-O O-O 13. a4 Nb4 14. Qd2 a6 15. Rfe1 Bf4 16. Qd1 d6 17. g3 Be5 18. Nxe5 dxe5 19. b3 Bd7 20. axb5 axb5 21. bxc4 bxc4 22. Bxc4 Rfc8 23. Qe2 Bg4 24. Qxg4 Rxc4 25. Nd1 Nxd5 26. Qe2 Nb6 27. Ne3 Rb4 28. Rab1 Rxb1 29. Rxb1 Qd8 30. Qg4 Kh8 31. Qf5 Qe8 32. Rd1 Qe7 1/2-1/2